[Event "Oberwart Open"]
[Site "Oberwart AUT"]
[Date "2011.07.16"]
[Round "8"]
[White "Pallitsch,C"]
[Black "Matt,F"]
[Result "1-0"]
[WhiteElo "2067"]
[BlackElo "2188"]

1.d4 Nf6 2.c4 e6 3.Nf3 b6 4.a3 Bb7 5.g3 Be7 6.Bg2 O-O 7.O-O d5 8.cxd5 exd5
9.Nc3 Nbd7 10.Bf4 c5 11.dxc5 bxc5 12.Qb3 Qb6 13.Qc2 Rac8 14.Na4 Qa6 15.Ne5 Rfd8
16.Bh3 Bd6 17.Nxd7 Nxd7 18.Bxd6 Qxd6 19.Nc3 Qc6 20.f3 Rc7 21.e4 dxe4 22.Rad1 exf3
23.Nd5 Nf8 24.Nxc7 Qxc7 25.Rxd8 Qxd8 26.Rf2 Qd4 27.Qd2 Ne6 28.Qe1 Bd5 29.Qd2 h5
30.Qxd4 cxd4 31.Rd2 Ng5 32.Bf5 g6 33.Rxd4 Bc6 34.h4 Ne6 35.Bxe6 fxe6 36.Rd6 Bd5
37.Ra6 Kf7 38.Rxa7+ Kf6 39.Kf2 e5 40.b4 Kf5 41.b5 e4 42.b6 Kg4 43.Re7 g5
44.hxg5 h4 45.gxh4 Kf5  1-0

[Event "Nana Aleksandria Cup"]
[Site "Poti GEO"]
[Date "2011.07.16"]
[Round "6"]
[White "Sulashvili,M"]
[Black "Kvaratskhelia,D"]
[Result "1/2-1/2"]
[WhiteElo "2476"]
[BlackElo "2089"]

1.d4 Nf6 2.Nf3 e6 3.c4 b6 4.a3 Bb7 5.Nc3 d5 6.cxd5 Nxd5 7.e3 Be7 8.Bb5+ c6
9.Bd3 O-O 10.O-O Nd7 11.e4 Nxc3 12.bxc3 Qc7 13.Qe2 c5 14.a4 a6 15.Bd2 Rfc8
16.e5 c4 17.Bc2 Qc6 18.Ne1 b5 19.f4 g6 20.Nf3 Nb6 21.Ng5 Nd5 22.Rf3 b4 23.Rh3 bxc3
24.Bc1 Bxg5 25.fxg5 Nb4 26.Rxc3 Nxc2 27.Qxc2 Qe4 28.Qxe4 Bxe4 29.Ba3 Rab8
30.Rac1 Bd5 31.Kf2 Rb7 32.Bd6 Rc6 33.Bc5 Rcc7 34.a5 Rb5 35.Bb6 Rc8 36.g4 Kg7
37.h4 Rb2+ 38.Kg3 Rh8 39.Bc5  1/2-1/2

[Event "20th ch-MKD Open"]
[Site "Struga MKD"]
[Date "2011.07.18"]
[Round "3"]
[White "Borsos,B"]
[Black "Stojkovska,M"]
[Result "1-0"]
[WhiteElo "2253"]
[BlackElo "1900"]

1.d4 Nf6 2.Nf3 e6 3.c4 b6 4.a3 Bb7 5.Nc3 Be7 6.d5 O-O 7.e4 exd5 8.cxd5 d6
9.Bd3 c6 10.dxc6 Nxc6 11.O-O Ne5 12.Bc2 Qc7 13.Bf4 Nc4 14.Qe2 Rac8 15.Rfc1 Qb8
16.Nd5 Bd8 17.Bb3 Ne5 18.Rxc8 Bxc8 19.h3 Nxd5 20.Bxd5 Nxf3+ 21.Qxf3 Bf6 22.Qg3 Be5
23.Rc1 Bd7 24.Rd1 Qc7 25.Qf3 Bb5 26.Rc1 Qe7 27.b4 Ba6 28.Bxe5 dxe5 29.Qc3 Re8
30.a4 b5 31.Qc6  1-0

[Event "Czech Open G Rapid"]
[Site "Pardubice CZE"]
[Date "2011.07.21"]
[Round "9.7"]
[White "Zakhartsov,Vi"]
[Black "Gavrilov,Al1"]
[Result "1-0"]
[WhiteElo "2578"]
[BlackElo "2481"]

1.d4 Nf6 2.c4 e6 3.Nf3 b6 4.a3 Ba6 5.Qc2 Bb7 6.Nc3 c5 7.e4 cxd4 8.Nxd4 Bc5
9.Nb3 Nc6 10.Bf4 e5 11.Bg5 h6 12.Bh4 O-O 13.f3 Re8 14.Nd5 Be7 15.Nxe7+ Qxe7
16.Rd1 d6 17.Be2 a5 18.Bf2 a4 19.Nc1 Qc7 20.Na2 Nd7 21.Nc3 Re6 22.Nxa4 Rg6
23.Nc3 Nd4 24.Bxd4 exd4 25.Nb5 Qc5 26.b4 Qg5 27.g3 Rc8 28.Qd2 Qh5 29.O-O Qh3
30.Rf2 Ne5 31.Qxd4 Ba6 32.Nxd6  1-0

[Event "ch-SWE Master Elite"]
[Site "Vasteras SWE"]
[Date "2011.07.22"]
[Round "7"]
[White "Grandelius,N"]
[Black "Carlsson,P"]
[Result "1/2-1/2"]
[WhiteElo "2542"]
[BlackElo "2496"]

1.d4 Nf6 2.c4 e6 3.Nf3 b6 4.a3 Ba6 5.e3 c5 6.Nc3 Be7 7.d5 exd5 8.Nxd5 O-O
9.Be2 Nc6 10.O-O Na5 11.Nxe7+ Qxe7 12.b3 d5 13.Qc2 dxc4 14.bxc4 Rad8 15.Bb2 Qe4
16.Rfc1 Qxc2 17.Rxc2 Ne4 18.Nh4 Nd6 19.Be5  1/2-1/2

[Event "16th Balaguer Open"]
[Site "Balaguer ESP"]
[Date "2011.07.23"]
[Round "7"]
[White "Colovic,A"]
[Black "Quintas Galeano,L"]
[Result "1/2-1/2"]
[WhiteElo "2450"]
[BlackElo "2155"]

1.d4 Nf6 2.Nf3 e6 3.c4 b6 4.a3 Bb7 5.Nc3 Be7 6.d5 d6 7.e4 e5 8.Bd3 a5 9.Rb1 O-O
10.O-O Ne8 11.b4 axb4 12.axb4 Nd7 13.Bd2 g6 14.Ra1 f5 15.Rxa8 Qxa8 16.Qa1 Ng7
17.Nb5 c6 18.Nc7 Qc8 19.dxc6 Qxc7 20.cxb7 Qxb7 21.Qb1 Nf6 22.Re1 fxe4 23.Bxe4 Nxe4
24.Qxe4 Qxe4 25.Rxe4 Ne6 26.b5 Rc8 27.Be3 Nc5 28.Bxc5 Rxc5 29.Nd2 Kf7 30.Nb3 Rc8
31.Kf1 Ra8 32.Ke2 Ra2+ 33.Kf3 Bg5 34.Re2 e4+ 35.Rxe4 Ra3 36.Kg4 Bf6 37.Re3 Ra4
38.Kf3 Bg5 39.Kg4 Kf6 40.Re4 Ra3 41.f4 h5+  1/2-1/2

[Event "III Corporation Cup A"]
[Site "Izhevsk RUS"]
[Date "2011.07.23"]
[Round "8"]
[White "Shinkevich,V"]
[Black "Nakhapetiane,P"]
[Result "1/2-1/2"]
[WhiteElo "2474"]
[BlackElo "2517"]

1.d4 Nf6 2.c4 e6 3.Nf3 b6 4.a3 Bb7 5.Nc3 Ne4 6.Nxe4 Bxe4 7.Nd2 Bg6 8.g3 Nc6
9.e3 Be7 10.Bg2 O-O 11.O-O Rb8 12.b4 b5 13.c5 a5 14.Qb3 axb4 15.axb4 d5 16.Bb2 Qd7
17.Ra6 Ra8 18.Rxa8 Rxa8 19.Ra1 Qc8 20.Ra3 Bf6 21.Bf1 Rxa3 22.Qxa3 Qb7 23.Bc3 h5
24.Qa1 Nb8 25.Be2 c6 26.Nb3 Nd7 27.Na5 Qc7 28.h4 Bd8 29.Nb3 Qb7 30.Na5 Qc7
31.Nb3 Qb7 32.Na5  1/2-1/2

[Event "ch-SWE Master Elite"]
[Site "Vasteras SWE"]
[Date "2011.07.24"]
[Round "9"]
[White "Cramling,P"]
[Black "Westerberg,J"]
[Result "1-0"]
[WhiteElo "2472"]
[BlackElo "2313"]

1.Nf3 Nf6 2.c4 e6 3.d4 b6 4.a3 Ba6 5.Qc2 d5 6.cxd5 exd5 7.Nc3 Be7 8.g3 O-O
9.Bg2 Nbd7 10.Bf4 Bb7 11.Rd1 c6 12.O-O Re8 13.Ne5 Nf8 14.e4 dxe4 15.Nxe4 Nd5
16.Bc1 Rc8 17.Nc3 Bf6 18.f4 Qc7 19.Rfe1 Nxc3 20.bxc3 Rcd8 21.c4 Ne6 22.Bb2 Re7
23.Rd2 Qd6 24.Red1 c5 25.Bxb7 Rxb7 26.Qe4 Rc7 27.d5 Nd4 28.Bxd4 cxd4 29.Nc6 Rdc8
30.a4 Qc5 31.a5 bxa5 32.Ra2 Rxc6 33.dxc6 Qxc6 34.Qxc6 Rxc6 35.Ra4 Bd8 36.Kg2 Bb6
37.Re1 f6 38.Kf3 Kf7 39.Ke2 Bc5 40.Kd3 Kg6 41.Re4 Bb6 42.Re7 Bc5 43.Rd7 Re6
44.f5+ Kxf5 45.Rd5+ Re5 46.Rxa5 Bb6 47.Rab5 Rxd5 48.Rxd5+ Ke6 49.Ke4 g6 50.c5 Bc7
51.Kxd4 h5 52.Kc4 f5 53.Rd2 f4 54.gxf4 Bxf4 55.Re2+ Kd7 56.Kd5 g5 57.h3 a5
58.Re6 Bd2 59.Rh6 g4 60.Rxh5 gxh3 61.Rxh3 Be1 62.Rh7+ Kc8 63.Kc6 Kb8 64.Kb6 Bc3
65.Rf7 Kc8 66.Rf8+  1-0

[Event "ch-AUT"]
[Site "Linz AUT"]
[Date "2011.07.25"]
[Round "3"]
[White "Wiedermann,D"]
[Black "Kessler,Mi"]
[Result "1-0"]
[WhiteElo "2209"]
[BlackElo "2010"]

1.d4 Nf6 2.Nf3 e6 3.c4 b6 4.a3 Bb7 5.Nc3 d5 6.Bg5 Be7 7.Qa4+ Bc6 8.Qc2 dxc4
9.e3 b5 10.Ne5 a6 11.a4 Bb4 12.Bxf6 gxf6 13.Nxc6 Nxc6 14.Be2 Rb8 15.O-O Ne7
16.axb5 axb5 17.b3 cxb3 18.Qxb3 Bxc3 19.Qxc3 Kf8 20.e4 Qd6 21.Rfc1 Rb7 22.Qf3 e5
23.Ra8+ Kg7 24.Qg4+ Ng6 25.Rxh8 Kxh8 26.Qc8+  1-0

[Event "Tabor Open"]
[Site "Tabor CZE"]
[Date "2011.08.01"]
[Round "3.34"]
[White "Krbusik,M"]
[Black "Paulik,Vaclav"]
[Result "1-0"]
[WhiteElo "1991"]
[BlackElo "1830"]

1.d4 Nf6 2.c4 e6 3.a3 b6 4.Nf3 Bb7 5.Nc3 d5 6.e3 Be7 7.Bd3 dxc4 8.Bxc4 O-O
9.O-O Ne4 10.Bd3 Nxc3 11.bxc3 Nd7 12.e4 c5 13.Re1 cxd4 14.cxd4 Nf6 15.Bb2 Qd7
16.Ne5 Qd8 17.Qe2 Nd7 18.Ng4 Re8 19.Rac1 Bg5 20.Rc2 f5 21.exf5 exf5 22.Ne5 Nxe5
23.dxe5 Bc8 24.Qf3 Be6 25.Bxf5 Rc8 26.Bxe6+ Rxe6 27.Rxc8 Qxc8 28.Qd5 Kf7
29.f4 Be7 30.Bd4 g6 31.Qb3 Bc5 32.Rd1 Bxd4+ 33.Rxd4 Qc5 34.Qc4 Ke7 35.Qxc5+ bxc5
36.Ra4 a6 37.Kf2 Rb6 38.Kf3 Ke6 39.Ke4 Rc6 40.Rc4 h5 41.g3  1-0

[Event "MMK Krakow IM"]
[Site "Krakow POL"]
[Date "2011.08.06"]
[Round "1.1"]
[White "Mikrut,D"]
[Black "Sivuk,V"]
[Result "1/2-1/2"]
[WhiteElo "2358"]
[BlackElo "2422"]

1.d4 Nf6 2.c4 e6 3.Nf3 b6 4.a3 Ba6 5.Qc2 c5 6.e4 cxd4 7.e5 Ng8 8.Nxd4 Bb7
9.Nc3 Nc6 10.Nxc6 Bxc6 11.f4 d6 12.exd6 Bxd6 13.Bd3 Nf6 14.Ne4 Rc8 15.O-O Bxe4
16.Bxe4 O-O 17.Kh1 b5 18.Bd3 bxc4 19.Bxc4 Ng4 20.h3 Nh6 21.b3 Nf5 22.Kh2 h5
23.Qe2 h4 24.Bb2 Qg5 25.Qf3 Qg3+ 26.Qxg3 hxg3+ 27.Kh1 Ne3 28.Rf3 Nxc4 29.bxc4 Rxc4
30.Rxg3 f6 31.Re3 Bxf4 32.Rxe6 Rb8 33.Re2 a5 34.Kg1 a4 35.Rd1 Rb3 36.Rd7 Rc7
37.Rxc7 Bxc7 38.Rc2 Bd6 39.Kf2 Kf7 40.Bc1 Ke6 41.Rc4 Bxa3 42.Bd2 Rb2 43.Ke2 Bd6
44.Rxa4 g5 45.Kd3 Rb3+ 46.Ke2 Bg3 47.Rc4 Rb2 48.Kf3 Rxd2 49.Kxg3 f5 50.Rc5 Rd3+
51.Kf2 Rd2+ 52.Kg3 Rd3+  1/2-1/2

[Event "3rd Muelheimer UrlaubsOpen"]
[Site "Muelheim GER"]
[Date "2011.08.06"]
[Round "2"]
[White "Becker,Marce"]
[Black "Biessner,Eberhard"]
[Result "1-0"]
[WhiteElo "2353"]
[BlackElo "1982"]

1.d4 Nf6 2.Nf3 b6 3.c4 e6 4.a3 a5 5.Nc3 Bb7 6.Qc2 Be7 7.e4 d6 8.Bd3 h6 9.O-O O-O
10.Qe2 Nbd7 11.Re1 Nh7 12.Be3 Bf6 13.Rad1 Ng5 14.Nxg5 Bxg5 15.f4 Be7 16.Bb1 Re8
17.e5 Nf8 18.Qg4 Bc8 19.Rf1 f5 20.Qf3 Rb8 21.d5 exd5 22.Nxd5 Kh7 23.b4 axb4
24.axb4 g6 25.c5 bxc5 26.bxc5 Bb7 27.cxd6 cxd6 28.Qf2 Qc8 29.Nxe7 Rxe7 30.exd6 Rd7
31.Rfe1 Ra8 32.Bb6 Qc6 33.Bc7 Qc4 34.Qc2 Qf7 35.Qe2 Bd5 36.Qe7 Be6 37.Qxf7+ Rxf7
38.Re5 Kg8 39.Rde1 Ra1 40.Bd3 Rxe1+ 41.Rxe1 Bd5 42.Bb5 Kg7 43.Be8  1-0

[Event "Split Open"]
[Site "Split CRO"]
[Date "2011.08.06"]
[Round "2.9"]
[White "Mazet,J"]
[Black "Smirnov,Arte"]
[Result "0-1"]
[WhiteElo "2147"]
[BlackElo "2440"]

1.d4 Nf6 2.Nf3 e6 3.c4 b6 4.a3 c5 5.d5 Ba6 6.Qc2 exd5 7.cxd5 g6 8.Nc3 Bg7
9.g3 O-O 10.Bg2 d6 11.O-O Re8 12.a4 Bb7 13.e4 Na6 14.Bf4 Nb4 15.Qb1 Ba6 16.Rd1 h6
17.Bf1 Bxf1 18.Kxf1 g5 19.Bc1 Qe7 20.Re1 Qd7 21.Kg2 Re7 22.Bd2 Rae8 23.h3 c4
24.Nh2 Nd3 25.f3 Nxe1+ 26.Qxe1 Nh7 27.g4 Nf8 28.Nf1 Ng6 29.Ng3 Nh4+ 30.Kf2 Be5
31.Nh5 f5 32.gxf5 Nxf5 33.Qf1 Nh4 34.Ne2 Rf7 35.Ng1 Bxb2 36.Ke2 Rxe4+ 37.fxe4 Rxf1
38.Rxf1 Qxa4 39.Nf6+ Bxf6 40.Rxf6 Qc2  0-1

[Event "IRT Jose Rubinstein"]
[Site "Villa Martelli ARG"]
[Date "2011.08.06"]
[Round "6.3"]
[White "Bernal,G"]
[Black "Gallego,G"]
[Result "0-1"]
[WhiteElo "2094"]
[BlackElo "2179"]

1.d4 Nf6 2.c4 e6 3.Nf3 b6 4.a3 Ba6 5.Qc2 Bb7 6.Nc3 c5 7.e4 cxd4 8.Nxd4 Nc6
9.Nxc6 Bxc6 10.Bf4 Nh5 11.Be3 Qc7 12.Be2 Nf4 13.Bf3 Ng6 14.O-O-O Bc5 15.Bd2 O-O
16.Be2 Bxf2 17.Rhf1 Bc5 18.h4 Ne5 19.h5 f6 20.Kb1 a6 21.Bf4 Be7 22.g4 Qb7
23.g5 b5 24.Nd5 Bxd5 25.exd5 Nxc4 26.d6 Bd8 27.Bf3 Qa7 28.Bxa8 Qxa8 29.g6 h6
30.Rg1 f5 31.Ka2 Bf6 32.b3 Nb6 33.Qd2 Nd5 34.Rc1 a5 35.Bxh6 b4 36.Bg5 Nc3+
37.Rxc3 bxc3 38.Qg2 Qxg2+ 39.Rxg2 Bxg5 40.Rxg5 Rc8 41.Rg1 Rc6 42.Rc1 Kf8
43.b4 axb4 44.axb4 Rxd6 45.Rxc3 e5 46.Kb3 e4 47.b5 f4 48.Kc4 e3 49.Kc5 Re6
50.b6 Rc6+ 51.Kd4 Rxb6 52.Rc1 Re6 53.Rc8+ Re8  0-1

[Event "MMK Krakow IM"]
[Site "Krakow POL"]
[Date "2011.08.07"]
[Round "2.5"]
[White "Mikrut,D"]
[Black "Druska,J"]
[Result "1-0"]
[WhiteElo "2358"]
[BlackElo "2332"]

1.d4 Nf6 2.c4 e6 3.Nf3 b6 4.a3 Bb7 5.Nc3 Ne4 6.Nxe4 Bxe4 7.g3 Be7 8.Bg2 O-O
9.O-O d6 10.b4 Nd7 11.Bb2 c5 12.Qd2 Rc8 13.Rac1 Qc7 14.Rfd1 Qb7 15.Ne1 Bxg2
16.Nxg2 Rc7 17.Ne3 Nf6 18.d5 e5 19.Nf5 g6 20.Nh6+ Kg7 21.f3 Nd7 22.Ng4 f6
23.b5 Kg8 24.e4 h5 25.Ne3 Kg7 26.f4 h4 27.f5 g5 28.gxh4 Rh8 29.hxg5 fxg5
30.Qg2 Rh5 31.Ng4 Rc8 32.Rc3 Rch8 33.Rdd3 Nf6 34.Rg3 Rh4 35.Nxf6 Bxf6 36.Bc1 Kf8
37.Bxg5 Bxg5 38.Rxg5 Qh7 39.Rcg3 Rxh2 40.Rg8+ Rxg8 41.Rxg8+ Kf7 42.Rg7+ Qxg7
43.Qxg7+ Kxg7 44.Kxh2 Kf6 45.Kh3 Kg5 46.Kg3 Kh5 47.f6 Kg6 48.Kg4 Kxf6 49.Kh5 Kf7
50.Kg5  1-0

[Event "Split Open"]
[Site "Split CRO"]
[Date "2011.08.07"]
[Round "3.13"]
[White "Bilobrk,F"]
[Black "Kalinski,K"]
[Result "1-0"]
[WhiteElo "2374"]
[BlackElo "2128"]

1.d4 Nf6 2.c4 e6 3.Nf3 b6 4.a3 Bb7 5.Nc3 d5 6.cxd5 Nxd5 7.Qc2 Be7 8.e4 Nxc3
9.bxc3 O-O 10.Bd3 c5 11.O-O Nc6 12.Bb2 Rc8 13.Qe2 Re8 14.Rad1 Qc7 15.Rfe1 Bf8
16.Bb5 Red8 17.d5 exd5 18.exd5 Ne7 19.c4 Ng6 20.Qe4 a6 21.Ba4 Ba8 22.h4 b5
23.cxb5 axb5 24.Bxb5 Qb7 25.Qc4 Rb8 26.a4 Rxd5 27.h5 Rxh5 28.Rd7 Qxd7 29.Bxd7 Rxb2
30.Be8 Bd5 31.Qg4 Rh6 32.Ng5 Bd6 33.Bxf7+ Bxf7 34.Nxf7 Bh2+ 35.Kf1 Rh4  1-0

[Event "FSGM August"]
[Site "Budapest HUN"]
[Date "2011.08.10"]
[Round "5"]
[White "Szabolcsi,J"]
[Black "Rodriguez Lopez,Ra"]
[Result "1/2-1/2"]
[WhiteElo "2357"]
[BlackElo "2292"]

1.d4 Nf6 2.c4 e6 3.Nf3 b6 4.a3 Bb7 5.Nc3 d5 6.cxd5 Nxd5 7.e3 Be7 8.Bb5+ c6
9.Bd3 O-O 10.Qc2 h6 11.e4 Nxc3 12.bxc3 c5 13.O-O Qc8 14.Qe2 Ba6 15.Bf4 Bxd3
16.Qxd3 Rd8 17.a4 Nc6 18.d5 exd5 19.exd5 Bd6 20.Bxd6 Rxd6 21.Qe4 Na5 22.c4 Qe8
23.Qd3 Rad8 24.Rfe1 Re6 25.Qc2 Rxe1+ 26.Rxe1 Qd7 27.Ne5 Re8 28.f4 Qc7 29.Re2 Nb7
30.g3 Nd6 31.Nc6 Rxe2 32.Qxe2 a6 33.Qe5 Qd7 34.Nb8 Qd8 35.Nc6 Qd7  1/2-1/2

[Event "4th Sabadell Open A"]
[Site "Sabadell ESP"]
[Date "2011.08.10"]
[Round "1"]
[White "Lasinskas,P"]
[Black "Gonzalez Vidal,Y"]
[Result "0-1"]
[WhiteElo "2148"]
[BlackElo "2503"]

1.d4 Nf6 2.Nf3 e6 3.c4 b6 4.a3 Ba6 5.Qc2 Bb7 6.Nc3 c5 7.e4 cxd4 8.Nxd4 Bc5
9.Nf3 Ng4 10.Nd1 Nc6 11.h3 Nge5 12.Nxe5 Nxe5 13.Bf4 Ng6 14.Bg3 O-O 15.Bd3 f5
16.f3 Qg5 17.Bh2 fxe4 18.Bxe4 Bxe4 19.fxe4 Nh4  0-1

[Event "Olomouc FIDE Open"]
[Site "Olomouc CZE"]
[Date "2011.08.11"]
[Round "9.3"]
[White "Jasny,S"]
[Black "Cagasik,T"]
[Result "1/2-1/2"]
[WhiteElo "2366"]
[BlackElo "2255"]

1.Nf3 Nf6 2.c4 e6 3.d4 b6 4.a3 Ba6 5.Qc2 c5 6.dxc5 bxc5 7.Bg5 Be7 8.e3 Nc6
9.Be2 Qb6 10.Nbd2 Rb8 11.Rb1 Bb7 12.O-O Rd8 13.Rfd1 Qc7 14.Bf4 d6 15.b4 cxb4
16.axb4 Nh5 17.Bg5 Bxg5 18.Nxg5 Nf6 19.Qa4 Nd7 20.Nde4 Nb6 21.Qc2 h6 22.Nf3 Ne7
23.c5 Bxe4 24.Qxe4 Nbd5 25.Bb5+ Kf8 26.Rdc1 Rb8 27.Bf1 dxc5 28.bxc5 Rxb1
29.Qxb1 Nc6 30.Qa1 Qa5 31.Nd4 Qxa1 32.Rxa1 Nxd4 33.exd4 Ke7 34.Rxa7+ Kf6
35.Rd7 Rb8 36.g3 Rb4 37.c6 Rb6 38.Bc4 Rxc6 39.Bxd5 exd5 40.Rxd5 Rc4 41.Kg2 Ke6
42.Re5+ Kd6 43.Re4 Rc7 44.Kf3 Kd5 45.Rf4 Re7 46.h4 Ra7 47.h5 Ra3+ 48.Kg4 Ke6
49.Re4+ Kf6 50.Kf4 Rd3 51.Kg4 Ra3 52.Rf4+ Ke6 53.Rf3 Ra4 54.Rd3 Kd5 55.Kf5 Rxd4
56.Ra3 Kd6 57.Ra7 Rd5+ 58.Ke4 Re5+ 59.Kf4 Re7 60.Ra6+ Kd7 61.Kf5 Re2 62.Ra7+ Ke8
63.Ra8+ Ke7 64.f4 Rb2 65.Ra7+ Kf8 66.Ra8+ Ke7 67.Ra5 Rb8 68.g4 Kf8 69.Rd5 Ra8
70.Rc5 Rb8 71.Ke5 Re8+ 72.Kd6 Rd8+ 73.Ke5 Re8+ 74.Kf5 Ra8 75.g5 hxg5 76.Kxg5 Ra1
77.Rc8+ Ke7 78.Rc7+ Kf8 79.Rc8+ Ke7 80.Rg8 Rg1+ 81.Kf5 Rh1 82.Rxg7 Rxh5+
83.Rg5 Rh1 84.Rg2 Rh5+ 85.Rg5 Rh1 86.Rg2  1/2-1/2

[Event "XX TCh-MKD"]
[Site "Struga MKD"]
[Date "2011.08.11"]
[Round "4"]
[White "Andonovski,L"]
[Black "Jankov,D"]
[Result "1-0"]
[WhiteElo "2317"]
[BlackElo "2221"]

1.d4 Nf6 2.c4 e6 3.Nf3 b6 4.a3 Be7 5.Nc3 Bb7 6.d5 O-O 7.e4 d6 8.Bd3 e5 9.O-O a5
10.Rb1 Na6 11.b4 axb4 12.axb4 Ne8 13.Ne1 Nb8 14.f4 exf4 15.Bxf4 Nd7 16.Nf3 Bf6
17.Qc2 g6 18.Nb5 Ng7 19.Rbe1 Re8 20.Qf2 Re7 21.Qd2 Re8 22.Be3 Ne5 23.Nxe5 Bxe5
24.Nd4 Qe7 25.Nf3 Ra3 26.Nxe5 Qxe5 27.Qf2 f5 28.Bd4 Rxd3 29.Bxe5 dxe5 30.Qc2 Rd4
31.Re3 Bc8 32.Ra1 fxe4 33.Ra7 Nf5 34.Rxe4 Nd6 35.Rxd4 exd4 36.Rxc7 Bf5 37.Qd2 d3
38.Qc3 Nf7 39.g4 Bxg4 40.Rxf7 Kxf7 41.Qxd3 h5 42.c5 bxc5 43.bxc5 Bf5 44.Qb3 Re1+
45.Kf2 Rb1 46.Qa2 Kf6 47.c6 Ke7 48.Qa3+ Kd8 49.d6  1-0

[Event "e2e4 Int Masters D"]
[Site "Sunningdale ENG"]
[Date "2011.08.11"]
[Round "3"]
[White "Sturt,R"]
[Black "McClement,A"]
[Result "1/2-1/2"]
[WhiteElo "2231"]
[BlackElo "2072"]

1.d4 Nf6 2.Nf3 e6 3.c4 b6 4.a3 Bb7 5.Nc3 d5 6.Bf4 Bd6 7.Bxd6 Qxd6 8.Rc1 a6
9.e3 Nbd7 10.cxd5 exd5 11.Bd3 O-O 12.b4 Rfc8 13.O-O c5 14.bxc5 bxc5 15.dxc5 Rxc5
16.Nd4 Rac8 17.Qb3 Ba8 18.Nce2 Ng4 19.g3 Qh6 20.h4 Nxe3 21.Bxh7+ Kxh7 22.Qxe3 Qxe3
23.fxe3 Ne5 24.Rxc5 Rxc5 25.Rb1 Bc6 26.Rb6 a5 27.Ra6 Bd7 28.Nb3 Rc2 29.Nbd4 Rc5  1/2-1/2

[Event "Split Open"]
[Site "Split CRO"]
[Date "2011.08.12"]
[Round "8.24"]
[White "Mazet,J"]
[Black "Haas,P"]
[Result "1/2-1/2"]
[WhiteElo "2147"]
[BlackElo "2104"]

1.d4 Nf6 2.Nf3 e6 3.c4 b6 4.a3 Bb7 5.Nc3 d5 6.Bg5 Be7 7.Qa4+ Bc6 8.Qc2 dxc4
9.e3 b5 10.a4 b4 11.Nb1 Bxf3 12.gxf3 Qd5 13.Bh4 Nbd7 14.Nd2 c3 15.bxc3 bxc3
16.Qxc3 O-O 17.Bc4 Qh5  1/2-1/2

[Event "50th World Juniors"]
[Site "Chennai IND"]
[Date "2011.08.13"]
[Round "11.58"]
[White "Zulfic,F"]
[Black "Rodriguez Aleman,E"]
[Result "1/2-1/2"]
[WhiteElo "2098"]
[BlackElo "1997"]

1.d4 Nf6 2.c4 e6 3.Nf3 b6 4.a3 Bb7 5.e3 c5 6.Be2 Be7 7.O-O O-O 8.b3 d5 9.Bb2 Nbd7
10.Nbd2 Ne4 11.Nxe4 dxe4 12.Nd2 f5 13.Qc2 Bd6 14.g3 Qe8 15.Rad1 Qg6 16.dxc5 bxc5
17.Nb1 e5 18.Nc3 Rad8 19.Rd2 Nb6 20.Rfd1 a6 21.Na4 Nxa4 22.bxa4 Bc6 23.Bxe5 Be7
24.Rxd8 Rxd8 25.Rxd8+ Bxd8 26.Qd2 Be7 27.Qa5 Bd7 28.Qc7 Qc6 29.a5 Qxc7 30.Bxc7 Kf7
31.Kf1 g5 32.h3 g4  1/2-1/2

[Event "e2e4 Int Masters D"]
[Site "Sunningdale ENG"]
[Date "2011.08.13"]
[Round "6"]
[White "Lalic,B"]
[Black "Eggleston,D"]
[Result "1/2-1/2"]
[WhiteElo "2470"]
[BlackElo "2318"]

1.d4 Nf6 2.Nf3 e6 3.c4 b6 4.a3 Bb7 5.Nc3 g6 6.Qc2 Bxf3 7.gxf3 Nc6 8.d5 Nd4
9.Qd1 c5 10.dxc6 dxc6 11.Bf4 Bg7 12.Be5 Nh5 13.Bxg7 Nxg7 14.e3  1/2-1/2

[Event "4th Sabadell Open A"]
[Site "Sabadell ESP"]
[Date "2011.08.15"]
[Round "5"]
[White "Almeida Quintana,O"]
[Black "Cordova,E"]
[Result "1/2-1/2"]
[WhiteElo "2548"]
[BlackElo "2567"]

1.d4 e6 2.c4 b6 3.Nf3 Nf6 4.a3 c5 5.d5 Ba6 6.Qc2 exd5 7.cxd5 d6 8.Nc3 g6
9.Bf4 Bg7 10.Qa4+ Qd7 11.Bxd6 Qxa4 12.Nxa4 Nxd5 13.e4 Bxf1 14.Kxf1 Ne7 15.Nc3 Nbc6
16.Rd1 Rd8 17.Ke2 O-O 18.Bc7 Nd4+ 19.Nxd4 Rxd4 20.Rxd4 Bxd4 21.Nb5 Nc6 22.Nxd4 Nxd4+
23.Ke3 Re8  1/2-1/2

[Event "26th Universiade Men"]
[Site "Shenzhen CHN"]
[Date "2011.08.15"]
[Round "2.13"]
[White "Munkhgal,G"]
[Black "Braun,A"]
[Result "0-1"]
[WhiteElo "2327"]
[BlackElo "2554"]

1.d4 Nf6 2.Nf3 e6 3.c4 b6 4.a3 Bb7 5.Nc3 g6 6.Qc2 c5 7.dxc5 bxc5 8.Bf4 Nh5
9.Bg5 f6 10.Bd2 f5 11.e4 Bg7 12.Be2 O-O 13.exf5 gxf5 14.O-O-O a6 15.h3 Qc7
16.g3 Nc6 17.Rhg1 Rab8 18.Be3 Na5 19.Nd2 f4 20.gxf4 Nxf4 21.Rg5 d5 22.Rdg1 Rf7
23.Bh5 Re7 24.Bxf4 Qxf4 25.cxd5 exd5 26.Rxd5 Qxf2 27.Rdg5 Kh8 28.Nd1 Qf6
29.Rf5 Qh6 30.Bf3 c4 31.Kb1 Nb3 32.Nxb3 cxb3 33.Qc4 Qb6 34.Rf1 Bc8 35.Rf4 Bxh3
36.Rh1 Rc8 37.Qd3 Qc7 38.Qd2  0-1

[Event "26th Universiade Men"]
[Site "Shenzhen CHN"]
[Date "2011.08.16"]
[Round "3.7"]
[White "Braun,A"]
[Black "Adly,A"]
[Result "0-1"]
[WhiteElo "2554"]
[BlackElo "2631"]

1.d4 Nf6 2.c4 e6 3.Nf3 b6 4.a3 Bb7 5.Nc3 Be7 6.d5 exd5 7.cxd5 O-O 8.e4 Re8
9.Bd3 c6 10.O-O cxd5 11.exd5 Na6 12.Bf4 Bf8 13.Rc1 Rc8 14.Bg5 h6 15.Bh4 Nc7
16.Bc4 Ba6 17.Bxa6 Nxa6 18.b4 Nc7 19.Qd4 g5 20.Bg3 Nh5 21.Ne4 f5 22.Bxc7 Rxc7
23.Nf6+ Nxf6 24.Rxc7 g4 25.Nh4 Ne4 26.d6 Nxd6 27.Rxa7 Qxh4 28.Rxd7 Re6 29.Qd5 Qf6
30.f3 gxf3 31.gxf3 Qe5 32.Qxe5 Rxe5 33.Rd1 Nc4 34.Rb7 Re6 35.Rd3 Be7 36.Rc3 Ne3
37.Rc8+ Kf7 38.Rh8 Nd5 39.Kf1 Kg6 40.Rg8+ Kf6 41.Rd7 Ne3+ 42.Kf2 Nc4 43.Ra8 Ke5
44.Raa7 Bh4+ 45.Kg2 Ne3+ 46.Kh3 Be1 47.Re7 Rxe7 48.Rxe7+ Kf4 49.Re6 Kxf3
50.a4 Ng2  0-1

[Event "26th Universiade Women"]
[Site "Shenzhen CHN"]
[Date "2011.08.18"]
[Round "6"]
[White "Batsiashvili,N"]
[Black "Shen Yang"]
[Result "1-0"]
[WhiteElo "2381"]
[BlackElo "2459"]

1.d4 Nf6 2.c4 e6 3.Nf3 b6 4.a3 Bb7 5.Nc3 d5 6.cxd5 Nxd5 7.Qc2 c5 8.e4 Nxc3
9.bxc3 Nc6 10.Qa2 cxd4 11.cxd4 Nxd4 12.Nxd4 Qxd4 13.Bb5+ Ke7 14.f3 Rc8 15.Bg5+ f6
16.Rd1 Qc3+ 17.Bd2 Qc2 18.Bb4+ Kf7 19.Be8+  1-0

[Event "Shepetivka Open"]
[Site "Shepetivka UKR"]
[Date "2011.08.20"]
[Round "7.2"]
[White "Melnik,I UKR"]
[Black "Ivanov,VA UKR"]
[Result "1-0"]
[WhiteElo "2027"]
[BlackElo "2075"]

1.d4 e6 2.c4 Nf6 3.Nf3 b6 4.a3 Ba6 5.e3 c5 6.Nc3 g6 7.b4 Bg7 8.Be2 O-O 9.O-O d5
10.cxd5 Bxe2 11.Qxe2 exd5 12.Rd1 c4 13.Ne5 a6 14.f4 Re8 15.Qf3 Ra7 16.Bd2 Qd6
17.g4 Rd8 18.Be1 Ne8 19.Rac1 f6 20.e4 fxe5 21.dxe5 Qf8 22.Bh4 dxe4 23.Qxe4 Rc8
24.f5 gxf5 25.gxf5 Bh6 26.Rc2 Rg7+ 27.Kh1 Bg5 28.f6 Rg6 29.Qf5 Nxf6 30.Bxg5 Nh5
31.Qg4 Ng7 32.Nd5 Nc6 33.Nf6+ Kh8 34.Qh4 Rxf6 35.Bxf6 Nxe5 36.Rg2 Nf3 37.Qf4 Rd8
38.Bxg7+  1-0

[Event "Trade Fair Open A"]
[Site "Brno CZE"]
[Date "2011.08.21"]
[Round "2"]
[White "Kozak,Mi"]
[Black "Zikan,K"]
[Result "1-0"]
[WhiteElo "2232"]
[BlackElo "1808"]

1.d4 Nf6 2.c4 e6 3.Nf3 b6 4.a3 Bb7 5.Nc3 Ne4 6.Nxe4 Bxe4 7.e3 Be7 8.Bd3 Bxd3
9.Qxd3 O-O 10.e4 d6 11.O-O Nd7 12.Be3 e5 13.dxe5 dxe5 14.Rad1 Bd6 15.b4 Re8
16.Qc2 Qc8 17.c5 bxc5 18.bxc5 Bf8 19.Qc4 h6 20.Rd3 Nf6 21.Rfd1 Qg4 22.Re1 Qxe4
23.Bd4 Qd5 24.Qxd5 Nxd5 25.Bxe5 c6 26.Rc1 f6 27.Bg3 Re2 28.Nd4 Ra2 29.Nxc6 Rc8
30.Nb4 Nxb4 31.axb4 Rb2 32.h4 Rxb4 33.c6 Re4 34.c7 Kf7 35.Rb3 Bb4 36.f3 Bd2
37.fxe4 Bxc1 38.Rb8 Be3+ 39.Kf1  1-0

[Event "Trade Fair Open A"]
[Site "Brno CZE"]
[Date "2011.08.26"]
[Round "7"]
[White "Plischki,S"]
[Black "Musil,Jiri"]
[Result "1-0"]
[WhiteElo "2333"]
[BlackElo "1997"]

1.d4 Nf6 2.c4 e6 3.Nf3 b6 4.a3 Bb7 5.Nc3 d5 6.Bg5 Be7 7.Qa4+ Qd7 8.Qb3 dxc4
9.Qxc4 O-O 10.Rd1 Nd5 11.Bxe7 Qxe7 12.g3 c5 13.dxc5 Qxc5 14.Qxc5 bxc5 15.Nxd5 Bxd5
16.Bg2 Nc6 17.O-O Rab8 18.Rd2 Rb5 19.Re1 Na5 20.e4 Bb7 21.Bf1 Rb6 22.Ne5 Bc6
23.Re3 f6 24.Nc4 Nxc4 25.Bxc4 Bb5 26.Ba2 c4 27.Rc3 Rc6 28.a4 Ba6 29.b4 Bb7
30.f3 Rfc8 31.Rd4 Kf8 32.Rcxc4 Rxc4 33.Rxc4 Ke7 34.Rxc8 Bxc8 35.Kf2 Bd7 36.a5 Bb5
37.Ke3 e5 38.Bb1 Kd6 39.Bd3 Bd7 40.Bc4 Kc6 41.Kd3 g5 42.Kc3 h6 43.b5+ Kc5
44.b6 axb6 45.a6  1-0

[Event "TCh-SRB Premier Women"]
[Site "Valjevo SRB"]
[Date "2011.08.28"]
[Round "2.3"]
[White "Manakova,M"]
[Black "Panic,A"]
[Result "1-0"]
[WhiteElo "2314"]
[BlackElo "1888"]

1.d4 Nf6 2.c4 e6 3.Nf3 b6 4.a3 Bb7 5.Nc3 d5 6.cxd5 Nxd5 7.Qc2 Nxc3 8.bxc3 Be7
9.e4 O-O 10.Bd3 Nd7 11.e5 h6 12.Qe2 Re8 13.O-O Bf8 14.Bc2 c5 15.Qd3 g6 16.Bf4 Qc8
17.Rfc1 c4 18.Qe3 Kh7 19.h4 h5 20.a4 Be7 21.Bg5 Bxf3 22.Qxf3 Kg7 23.Bxe7 Rxe7
24.Rab1 Rb8 25.Rb4 Qc7 26.Bd1 a5 27.Rb5 f5 28.exf6+ Nxf6 29.Bc2 Rf8 30.Rg5  1-0

[Event "18th Graz Open"]
[Site "Graz AUT"]
[Date "2011.08.29"]
[Round "3"]
[White "Spalir,J"]
[Black "Handler,L"]
[Result "0-1"]
[WhiteElo "2155"]
[BlackElo "2301"]

1.d4 Nf6 2.c4 e6 3.Nf3 b6 4.a3 Bb7 5.Nc3 d5 6.cxd5 Nxd5 7.Qc2 Be7 8.e4 Nxc3
9.bxc3 O-O 10.Bd3 c5 11.O-O Ba6 12.Rd1 Bxd3 13.Rxd3 cxd4 14.cxd4 Nd7 15.e5 Rc8
16.Qe2 Qc7 17.Bg5 Bxg5 18.Nxg5 Qc2 19.Rd2 Qc4 20.Qe1 Qd5 21.Qb1 f5 22.Qa2 Rc4
23.Rad1 Rfc8 24.h4 b5 25.Nh3 Nb6 26.Nf4 Qe4 27.Nxe6 Nd5 28.Qb3 Nc3 29.Nc5 Qd5
30.Qc2 Nxd1 31.Qxd1 Rd8 32.Nb3 a5 33.Nxa5 Rxd4 34.Rxd4 Qxd4 35.Qb3+ Qd5 36.Qc3 Kh8
37.Kh2 Qe4 38.Qc5 Qxh4+  0-1